Digitale Datenbanken : Eine Medientheorie im Zeitalter von Big Data.

Bibliographic Details
Main Author: Burkhardt, Marcus.
Format: eBook
Language:German
Published: Bielefeld : transcript, 2015.
Edition:1st ed.
Series:Digitale Gesellschaft
Subjects:
Online Access:Click to View
LEADER 02929nam a22003853i 4500
001 EBC6955911
003 MiAaPQ
005 20231204023223.0
006 m o d |
007 cr cnu||||||||
008 231204s2015 xx o ||||0 ger d
020 |a 9783839430286  |q (electronic bk.) 
020 |z 9783837630282 
035 |a (MiAaPQ)EBC6955911 
035 |a (Au-PeEL)EBL6955911 
035 |a (OCoLC)1107365306 
040 |a MiAaPQ  |b eng  |e rda  |e pn  |c MiAaPQ  |d MiAaPQ 
100 1 |a Burkhardt, Marcus. 
245 1 0 |a Digitale Datenbanken :  |b Eine Medientheorie im Zeitalter von Big Data. 
250 |a 1st ed. 
264 1 |a Bielefeld :  |b transcript,  |c 2015. 
264 4 |c ©2015. 
300 |a 1 online resource (391 pages) 
336 |a text  |b txt  |2 rdacontent 
337 |a computer  |b c  |2 rdamedia 
338 |a online resource  |b cr  |2 rdacarrier 
490 1 |a Digitale Gesellschaft 
505 0 |a Cover Digitale Datenbanken -- Inhalt -- Einleitung -- Medium: Zwischen Konstellationen und Konfigurationen -- Die Frage nach den Medien -- Wann sind Medien? -- Über Medien reden: Medienepistemologie -- Computer: Zwischen Oberfläche und Tiefe -- Phänomeno-Technische Konfigurationen -- Spielräume der computertechnischen Informationsvermittlung -- Datenbank: Zwischen digitalen Sammlungen und Sammlungstechnologien -- Was sind Datenbanken? -- Datenbanklogiken: Zur Datenbank als symbolischer Form -- Gegen die Datenbank als Prinzip: Mikrologiken der digitalen Datenhaltung -- Banken, Basen, Reservoirs: Information Storage and Retrieval -- Information: Zwischen begrifflicher Abstraktion und technischer Konkretion -- Kommunikation mit Informationssammlungen -- Daten und Information: Begriffsklärung -- Techno-Logik: Apparaturen, Architekturen, Verfahren -- Direct Access: Zur Festplatte als Herausforderung digitaler Datenbanken -- Datenbankmodelle: Architekturen für Datenunabhängigkeit -- Data + Access: Datenmodelle und Algorithmen -- Phänomeno-Logik: Mediale Praktiken mit Datenbanken -- Die Datenbank als latente Infrastruktur -- Orientierung im Vielen I: Das Eine finden -- Orientierung im Vielen II: Das Viele auswerten -- Schluss: Plädoyer für eine kritische Datenbankkultur -- Dekonstruktion der Datenbankfiktion -- Erinnern und Vergessen: Digitale Archive -- Fetischisierung des Quantitativen -- Literatur. 
588 |a Description based on publisher supplied metadata and other sources. 
590 |a Electronic reproduction. Ann Arbor, Michigan : ProQuest Ebook Central, 2023. Available via World Wide Web. Access may be limited to ProQuest Ebook Central affiliated libraries.  
655 4 |a Electronic books. 
776 0 8 |i Print version:  |a Burkhardt, Marcus  |t Digitale Datenbanken  |d Bielefeld : transcript,c2015  |z 9783837630282 
797 2 |a ProQuest (Firm) 
830 0 |a Digitale Gesellschaft 
856 4 0 |u https://ebookcentral.proquest.com/lib/matrademy/detail.action?docID=6955911  |z Click to View